| 000 | 00386nam a2200145 a 4500 | ||
|---|---|---|---|
| 001 | 3054 | ||
| 003 | CDMR | ||
| 005 | 20130724130001.0 | ||
| 008 | 130130s1970||||||||||||||||||||||||||||d | ||
| 040 |
_aCDMR _bcat _cCPC GIRONA |
||
| 100 | 1 |
_aPerich _qPerich, Jaime _9220 |
|
| 245 | 1 | 0 |
_aPerich Match _cPerich ; pròleg de Joan de Sagarra |
| 260 |
_c1970 _bEdicions 62 _aBarcelona |
||
| 942 |
_cMON _2udc |
||
| 999 |
_c3054 _d3054 |
||